000 00384nam a22001337a 4500
005 20150124122849.0
008 111109t hu||||| |||| 00| 0 eng d
050 0 4 _aQD919
_bT37 1972
100 1 _9Tarjan, Imre
245 1 _aLaboratory Manual on CRYSTAL GROWTH
_ced.;Imre, Tarjan; Matrai, M.
250 _a1a ed.
260 _aHungria:
_bAcademia Kiado, UNESCO,
_c1972.
942 _2ddc
_cLIB
999 _c27046
_d27046